<?xml version="1.0" encoding="UTF-8"?>
<record
    xmlns:xsi="http://www.w3.org/2001/XMLSchema-instance"
    xsi:schemaLocation="http://www.loc.gov/MARC21/slim http://www.loc.gov/standards/marcxml/schema/MARC21slim.xsd"
    xmlns="http://www.loc.gov/MARC21/slim">

  <leader>02130nam a22003137a 4500</leader>
  <datafield tag="999" ind1=" " ind2=" ">
    <subfield code="c">22011</subfield>
    <subfield code="d">22011</subfield>
  </datafield>
  <controlfield tag="003">AR-CdUCM</controlfield>
  <controlfield tag="008">190425b           ||||| |||| 00| 0 spa d</controlfield>
  <datafield tag="040" ind1=" " ind2=" ">
    <subfield code="a">MUNICIPALIDAD PROVINCIAL DEL CUSCO</subfield>
    <subfield code="c">BIBLIOTECA MUNICIPAL DEL CUSCO</subfield>
  </datafield>
  <datafield tag="082" ind1=" " ind2=" ">
    <subfield code="a">LavozMercedaria/N&#xB0;1/1960</subfield>
  </datafield>
  <datafield tag="245" ind1=" " ind2=" ">
    <subfield code="a">La voz mercedaria /</subfield>
    <subfield code="c">Colegio de Las Mercedes</subfield>
  </datafield>
  <datafield tag="260" ind1=" " ind2=" ">
    <subfield code="a">Cusco.</subfield>
    <subfield code="b">H.G. Rozas,</subfield>
    <subfield code="c">1960.</subfield>
  </datafield>
  <datafield tag="300" ind1=" " ind2=" ">
    <subfield code="a">357 p&#xE1;ginas. :</subfield>
    <subfield code="b">ilustraciones ;</subfield>
    <subfield code="c">25 cm.</subfield>
  </datafield>
  <datafield tag="440" ind1=" " ind2=" ">
    <subfield code="a">La voz mercedaria.</subfield>
    <subfield code="n">N&#xB0;1, 1960</subfield>
    <subfield code="9">47148</subfield>
  </datafield>
  <datafield tag="505" ind1=" " ind2=" ">
    <subfield code="a">Contenido: Cosco, sumac llacta. Uriel Garc&#xED;a. -- El mismo disco. Jos&#xE9; &#xC1;ngel Escalante. -- Orillamiento filos&#xF3;fico sobre la educaci&#xF3;n.  Fernando Manrique Enr&#xED;quez. -- El tres de abril en el Cusco. Luis Felipe Paredes. -- Labor democr&#xE1;tica del colegio Las Mercedes. Dar&#xED;o Olave Duran. -- Itinerario de un viaje al viejo mundo. Manuel Cuadros. -- Historia del colegio de Las Mercedes. Luis Humberto Galimberti Miranda. -- Nuevo canto libertador al Cusco. Luis Nieto Miranda. -- El corpus de ayer y de hoy. S&#xF3;crates Miranda Terrazas. -- Carta a la Gloria Fl&#xF3;rez Escalante. Gustavo P&#xE9;rez Ocampo. -- Psicolog&#xED;a y pedagog&#xED;a. Zoila Ladr&#xF3;n de Guevara Ochoa. -- Poemas. Rafael Aguilar P&#xE1;ez. -- El Cuzco blas&#xF3;n de nuestra arqueolog&#xED;a e historia. Jos&#xE9; Gabriel Cosio Medina. -- La princesa Curi Ocllo. Roberto Barrionuevo. -- Julia Umeres y Osma. . -- Colegio cuzque&#xF1;o y presencia del Inca Garcilaso de la Vega. Alfredo Y&#xE9;pez Miranda. -- Una instituci&#xF3;n cusque&#xF1;a de cultura. Julio Guti&#xE9;rrez Loayza "Pancho Fierro". ...</subfield>
  </datafield>
  <datafield tag="650" ind1=" " ind2=" ">
    <subfield code="a">Instituciones educativas</subfield>
    <subfield code="9">34491</subfield>
  </datafield>
  <datafield tag="650" ind1=" " ind2=" ">
    <subfield code="a">Colegios del Cusco</subfield>
    <subfield code="9">24467</subfield>
  </datafield>
  <datafield tag="650" ind1=" " ind2=" ">
    <subfield code="a">Colegio Las Mercedes</subfield>
    <subfield code="9">43773</subfield>
  </datafield>
  <datafield tag="650" ind1=" " ind2=" ">
    <subfield code="a">Historia del Cusco</subfield>
    <subfield code="9">1714</subfield>
  </datafield>
  <datafield tag="650" ind1=" " ind2=" ">
    <subfield code="a">Poes&#xED;a cusque&#xF1;a</subfield>
    <subfield code="9">2323</subfield>
  </datafield>
  <datafield tag="650" ind1=" " ind2=" ">
    <subfield code="a">Intelectuales cusque&#xF1;os</subfield>
    <subfield code="9">46142</subfield>
  </datafield>
  <datafield tag="700" ind1=" " ind2=" ">
    <subfield code="a">P&#xE9;rez Ocampo, Gustavo</subfield>
    <subfield code="9">47147</subfield>
  </datafield>
  <datafield tag="700" ind1=" " ind2=" ">
    <subfield code="a">Cosio, Jos&#xE9; Gabriel</subfield>
    <subfield code="9">11720</subfield>
  </datafield>
  <datafield tag="700" ind1=" " ind2=" ">
    <subfield code="a">Garc&#xED;a, Jos&#xE9; Uriel</subfield>
    <subfield code="9">3684</subfield>
  </datafield>
  <datafield tag="700" ind1=" " ind2=" ">
    <subfield code="a">Guti&#xE9;rrez Loayza, Julio</subfield>
    <subfield code="9">46116</subfield>
  </datafield>
  <datafield tag="700" ind1=" " ind2=" ">
    <subfield code="a">Y&#xE9;pez Miranda, Alfredo</subfield>
    <subfield code="9">4230</subfield>
  </datafield>
  <datafield tag="942" ind1=" " ind2=" ">
    <subfield code="2">ddc</subfield>
    <subfield code="c">PP</subfield>
  </datafield>
  <datafield tag="945" ind1=" " ind2=" ">
    <subfield code="a">rac</subfield>
  </datafield>
  <datafield tag="952" ind1=" " ind2=" ">
    <subfield code="0">0</subfield>
    <subfield code="2">ddc</subfield>
    <subfield code="4">0</subfield>
    <subfield code="7">0</subfield>
    <subfield code="a">HEM</subfield>
    <subfield code="b">HEM</subfield>
    <subfield code="c">CART</subfield>
    <subfield code="d">2022-02-07</subfield>
    <subfield code="g">5.00</subfield>
    <subfield code="o">LavozMercedaria/N&#xB0;1/1960</subfield>
    <subfield code="p">REVC000548</subfield>
    <subfield code="r">2022-02-07</subfield>
    <subfield code="y">PP</subfield>
  </datafield>
  <datafield tag="952" ind1=" " ind2=" ">
    <subfield code="0">0</subfield>
    <subfield code="2">ddc</subfield>
    <subfield code="4">0</subfield>
    <subfield code="7">0</subfield>
    <subfield code="a">HEM</subfield>
    <subfield code="b">HEM</subfield>
    <subfield code="c">CART</subfield>
    <subfield code="d">2022-02-07</subfield>
    <subfield code="g">5.00</subfield>
    <subfield code="o">LavozMercedaria/N&#xB0;1/1960/e.2</subfield>
    <subfield code="p">REVC000549</subfield>
    <subfield code="r">2022-02-07</subfield>
    <subfield code="y">PP</subfield>
  </datafield>
  <datafield tag="952" ind1=" " ind2=" ">
    <subfield code="0">0</subfield>
    <subfield code="2">ddc</subfield>
    <subfield code="4">0</subfield>
    <subfield code="7">0</subfield>
    <subfield code="a">HEM</subfield>
    <subfield code="b">HEM</subfield>
    <subfield code="c">CART</subfield>
    <subfield code="d">2022-02-07</subfield>
    <subfield code="g">5.00</subfield>
    <subfield code="o">LavozMercedaria/N&#xB0;1/1960/e.3</subfield>
    <subfield code="p">REVC000550</subfield>
    <subfield code="r">2022-02-07</subfield>
    <subfield code="y">PP</subfield>
  </datafield>
</record>
